Das Alphabet - aber rückwärts! - Statistiken

Allgemein
  • Dieses Quiz wurde 1.076 mal gespielt
  • Das Durchschnittsergebnis liegt bei 17 aus 26
Antwortstatistiken
Buchstabe % Korrekt
Z
96%
X
95%
Y
95%
W
92%
V
91%
U
89%
T
87%
S
86%
R
84%
Q
79%
P
73%
O
70%
M
65%
N
65%
L
60%
K
54%
J
50%
I
47%
H
44%
G
41%
F
39%
E
38%
C
35%
D
35%
A
33%
B
32%
Keine übereinstimmenden Quizze gefunden
Verteilung der Resultate
Anzahl Personen mit jedem Resultat
Perzentil nach korrekt beantworteten Fragen
Ihre Resultats-Entwicklung
Sie haben dieses Quiz noch nicht gespielt